000 00948nam a22002897a 4500
003 CHAP
005 20220329133007.0
008 971013s1988 r 00010 d
010 _a1051
011 _a2023
035 _a1208
040 _cCHAP
082 0 4 _a001.6424
_bS28Y
100 0 0 _aSchildt, Herbert.
_9103003
245 1 _aProgramación en lenguaje C
260 _aMéxico, D. F. :
_bMcGraw-Hill,
_c1988
590 _aBATCH-UPD
_b10
_c20130110
_lUCH01
_h1416
590 _aBATCH-UPD
_b10
_c20130410
_lUCH01
_h0900
590 _aBATCH-UPD
_b10
_c20130914
_lUCH01
_h1721
590 _aCONVERSION
_b10
_c20130109
_lUCH01
_h1302
650 1 4 _aLenguaje C (Programación)
_965988
650 1 4 _aLenguajes de programación.
_965989
901 _aBK
942 _cLIBRO
949 _a001.6424 S28Y
_bBC
_cLIBRO
_d33724000294559
_eLIBRO
_gI. c/e
_h78463
_i1208
_si
_t34.00
949 _a001.6424 S28Y
_bBC
_cLIBRO
_d33724000745675
_eLIBRO
_fc.2
_h78464
_i1208
_si
_t34.00
999 _c1051
_d1051